[Event "GER-chT U14"]
[Site "Willingen"]
[Date "2022.08.15"]
[Round "6.6"]
[White "Lipinsky, Pierre"]
[Black "Schaudienst, Arvid"]
[Result "1-0"]
[WhiteElo "1560"]
[BlackElo "1376"]
[PlyCount "63"]
[EventDate "2022.08.13"]
[EventType "team-swiss"]
[EventRounds "7"]
[EventCountry "GER"]
[SourceTitle "EXT 2023"]
[Source "ChessBase"]
[SourceDate "2022.10.05"]
[SourceVersion "1"]
[SourceVersionDate "2022.10.05"]
[SourceQuality "1"]
[WhiteTeam "Muenchen Tarrasch"]
[BlackTeam "Oberschoeneweide"]
[WhiteTeamCountry "GER"]
[BlackTeamCountry "GER"]

1. d4 Nf6 2. c4 g6 3. Nc3 Bg7 4. e4 d6 5. Be2 0-0 6. Be3 e5 7. d5 a5 8. Qd2 Na6 9. f3 Ne8 10. g4 c6 11. h4 cxd5 12. Nxd5 Nf6 13. Nb6 Rb8 14. Qxa5 Be6 15. Qd2 Nc5 16. Nd5 Ra8 17. Qc1 Bxd5 18. cxd5 Qa5+ 19. Bd2 Qa4 20. Qc3 Rfc8 21. Bd1 Qa6 22. Be2 Qa4 23. Qb4 Qc2 24. Rc1 Nd3+ 25. Bxd3 Qxd3 26. a3 Rxc1+ 27. Bxc1 Qb1 28. Qc4 b5 29. Qc6 Ra4 30. Ne2 Rc4 31. Qa8+ Bf8 32. Kf2 1-0

[Event "GER-ch U25-B"]
[Site "Willingen"]
[Date "2019.06.09"]
[Round "2"]
[White "Hallfarth, Luise"]
[Black "Lipinsky, Pierre"]
[Result "1-0"]
[WhiteElo "1518"]
[BlackElo "1353"]
[PlyCount "75"]
[EventDate "2019.06.08"]
[EventType "swiss"]
[EventRounds "9"]
[EventCountry "GER"]
[SourceTitle "CBM 191 Extra"]
[Source "ChessBase"]
[SourceDate "2019.09.30"]
[SourceVersion "1"]
[SourceVersionDate "2019.09.30"]
[SourceQuality "1"]

1. e4 e5 2. d4 exd4 3. Qxd4 Nc6 4. Qe3 Nf6 5. Nc3 Bb4 6. Bd2 0-0 7. 0-0-0 Re8 8. Qg3 Ne7 9. Bd3 Ng6 10. f3 d6 11. h4 Nh5 12. Qf2 Ngf4 13. Bc4 c6 14. g4 Bc5 15. Qh2 d5 16. gxh5 Bxg1 17. Rhxg1 Nh3 18. Bg5 f6 19. Bh6 Nxg1 20. Qxg1 Re7 21. exd5 Kh8 22. d6 Rd7 23. Bf4 Qf8 24. Be6 Rd8 25. d7 Bxd7 26. Bxd7 Qb4 27. Qg4 Qe7 28. h6 g6 29. Qe6 Qxe6 30. Bxe6 Rxd1+ 31. Kxd1 Rd8+ 32. Kc1 Re8 33. Bb3 Re1+ 34. Kd2 Rh1 35. Bg3 Rh3 36. Ne4 g5 37. hxg5 fxg5 38. Be5# 1-0